République Romaine et Empire Romain - Culture Générale - Statistiques

Statistiques générales
  • Ce quiz a été pris 606 fois
  • Le résultat moyen est 9 sur 15
Statistiques - réponses
Question Réponse % Correct
Imperator et Général Romain,poignardé en -44 aux Ides de Mars. Jules César
97%
Qui fut le premier Empereur Romain ? Auguste
92%
Quel régime politique précède l'Empire ? République
86%
Empereur tyrannique accusé d'avoir fait brûler Rome. Néron
80%
Mur bâti en Grande-Bretagne sous le règne de cet empereur. Hadrien
76%
Esclave devenu très célèbre après avoir organisé le plus important soulèvement d'esclaves contre la République romaine,entre 73 et 71 av. J.-C. Spartacus
67%
Premier Empereur à tolérer la religion chrétienne au sein de l'Empire. Constantin
66%
Par quelles lettres ou sigle désignait on généralement l'Empire Romain ? SPQR
62%
Empereur cruel ayant voulu faire de son cheval prénommé "Incitatus" un consul de Rome. Caligula
61%
En quelle année fut-il déposé ? 476
52%
Célèbre peuple barbare provenant des plaines de l'est ayant battu plusieurs fois l'armée romaine. Les Huns
51%
Empereur Byzantin surnommé "Le Grand" et ayant vécu au VIème Siècle. Justinien
34%
Sous son règne fut bâti le Colisée. Vespasien
32%
Qui fut le dernier Empereur Romain d'Occident ? Romulus Augustule
30%
Sous son règne l'Empire fut divisé en deux. Honorius
6%
Aucun quiz correspondant
Distribution des résultats
% des personnes avec chaque résultat
Percentile par nombre de réponses
Votre historique - résultats
Vous n’avez pas pris ce quiz